[Event "BUL-chT (Women) 41th"]
[Site "Borovetz"]
[Date "2008.10.07"]
[Round "7"]
[White "Kalcheva, Natalia"]
[Black "Nikolova, Adriana"]
[Result "0-1"]
[WhiteElo "2035"]
[BlackElo "2281"]
[PlyCount "52"]
[EventDate "2008.10.01"]
[EventType "team-tourn"]
[EventRounds "7"]
[EventCountry "BUL"]
[SourceTitle "CBM 126 Extra"]
[Source "ChessBase"]
[SourceDate "2008.11.05"]
[SourceVersion "1"]
[SourceVersionDate "2008.11.05"]
[SourceQuality "1"]
[WhiteTeam "Plovdiv Lokomotiv (W)"]
[BlackTeam "Plovdiv Lokomotiv 2000 (W)"]
[WhiteTeamCountry "BUL"]
[BlackTeamCountry "BUL"]

1. e4 c5 2. Nc3 Nc6 3. g3 g6 4. Bg2 Bg7 5. d3 d6 6. Be3 Rb8 7. Qd2 b5 8. Nge2 b4 9. Nd1 Qb6 10. 0-0 e6 11. f4 Nge7 12. g4 f5 13. h3 0-0 14. Ng3 d5 15. Qf2 d4 16. Bd2 Bd7 17. Kh2 Na5 18. Qe2 Rbe8 19. Nf2 Kh8 20. h4 Qc7 21. h5 e5 22. hxg6 exf4 23. Bxf4 Qxf4 24. gxf5 Nxf5 25. Nfh1 Nxg3 26. Rxf4 Nxe2 0-1

[Event "BUL-ch (Women)"]
[Site "Sofia"]
[Date "1987.??.??"]
[Round "1"]
[White "Kalcheva, Natalia"]
[Black "Savova, Stefka"]
[Result "1/2-1/2"]
[WhiteElo "2025"]
[BlackElo "2245"]
[PlyCount "49"]
[EventDate "1987.??.??"]
[EventType "tourn"]
[EventRounds "12"]
[EventCountry "BUL"]
[SourceTitle "EXT 1999"]
[Source "ChessBase"]
[SourceDate "1998.11.16"]
[SourceVersion "1"]
[SourceVersionDate "1998.11.16"]
[SourceQuality "1"]

1. Nf3 Nf6 2. c4 d6 3. d4 Nbd7 4. Nc3 c6 5. e4 e5 6. Be2 Be7 7. 0-0 0-0 8. Be3 a6 9. d5 cxd5 10. cxd5 b5 11. b4 Nb6 12. Nd2 Bd7 13. Rc1 Qb8 14. h3 Rc8 15. Qb3 Ra7 16. Rc2 Rac7 17. Rfc1 Be8 18. Nd1 Rxc2 19. Rxc2 Na4 20. Nb2 Rxc2 21. Qxc2 Nxb2 22. Qxb2 Qc7 23. Bd3 Bd8 24. Qc2 Qxc2 25. Bxc2 1/2-1/2

[Event "BUL-ch (Women)"]
[Site "Sofia"]
[Date "1987.??.??"]
[Round "3"]
[White "Kalcheva, Natalia"]
[Black "Zlatanova, Emilia"]
[Result "1/2-1/2"]
[WhiteElo "2025"]
[BlackElo "2110"]
[PlyCount "42"]
[EventDate "1987.??.??"]
[EventType "tourn"]
[EventRounds "12"]
[EventCountry "BUL"]
[SourceTitle "EXT 1999"]
[Source "ChessBase"]
[SourceDate "1998.11.16"]
[SourceVersion "1"]
[SourceVersionDate "1998.11.16"]
[SourceQuality "1"]

1. d4 d5 2. Nf3 Nf6 3. c4 c6 4. cxd5 cxd5 5. Bf4 Bf5 6. Nc3 Nc6 7. e3 e6 8. Bd3 Bg6 9. 0-0 Bd6 10. Bxd6 Qxd6 11. Rc1 0-0 12. Bxg6 hxg6 13. Qe2 Rac8 14. a3 a6 15. Rc2 Rc7 16. Rfc1 Rfc8 17. Na4 Nd7 18. Nc5 Nxc5 19. Rxc5 Ne7 20. Rxc7 Rxc7 21. Rxc7 Qxc7 1/2-1/2